00264nam a2200097Ia 4500001000800000005001700008008004100025020001800066245006400084260001800148126171120260417140357.0260417s9999 xx 000 0 und d a9786050922905 0aRenksiz Tsukuru Tazaki’nin Hac YıllarıcHaruki Murakami bDoğan Kitap